Just Change One Letter #2 - Statistics

General Stats
  • This quiz has been taken 97 times
    96 since last reset
  • The average score is 16 of 20
Answer Stats
Hint Answer % Correct
Partially melted snow or ice Slush
99%
The material instruments like a tuba or trumpet are made out of Brass
89%
Vegetation you usually find on football fields Grass
89%
The reddening of the face when you are happy or embarrassed Blush
88%
A tool made of a handle and bristles you can paint with Brush
88%
A group of students who are taught together Class
88%
What you do to a toilet when you're done using it Flush
88%
Noisily self-assertive to the point where it is rude Brash
86%
To briefly expose light onto something Flash
86%
A see-through material made from heating up sand to a high temperature Glass
86%
A violent confrontration Clash
85%
To brutally cut something, usually with a knife or sword Slash
84%
A glass tool you might use in a chemistry class Flask
81%
A stockpile of various items in a specific location Stash
79%
A large gathering of birds together Flock
77%
To crush, especially to compress something Smush
77%
To crush, especially to break or shatter something Smash
75%
The opposite of a firm mattress Plush
70%
To promote or publicize oneself Flack
64%
Insolence or abuse Snash
34%
No matching quizzes found
Score Distribution
Percent of People with Each Score
Percentile by Number Answered
Your Score History
You have not taken this quiz since the last reset